Morphology of the primates and human evolution / (Record no. 39450)

MARC details
000 -LEADER
fixed length control field 01224nam a22002897a 4500
005 - DATE AND TIME OF LATEST TRANSACTION
control field 20100805140041.0
010 ## - LCCN (DPL NO)
LC control number ENG-98250 B-423687
020 ## - INTERNATIONAL STANDARD BOOK NUMBER
International Standard Book Number 9788120336568
Terms of availability 225.00
035 ## - SYSTEM CONTROL NUMBER
System control number EN-81783
035 ## - SYSTEM CONTROL NUMBER
System control number B-423687
037 ## - SOURCE OF ACQUISITION
Source of stock number/acquisition DBAD/PUB
037 ## - SOURCE OF ACQUISITION
Source of stock number/acquisition Allied Publishers
082 ## - DEWEY DECIMAL CLASSIFICATION NUMBER
Classification number 599.8
100 ## - MAIN ENTRY--PERSONAL NAME
Personal name Srivastava,R.P.
245 ## - TITLE STATEMENT
Title Morphology of the primates and human evolution /
Statement of responsibility, etc by R.P.Srivastava
260 ## - PUBLICATION, DISTRIBUTION, ETC. (IMPRINT)
Place of publication, distribution, etc New Delhi
Name of publisher, distributor, etc PHI Learning
Date of publication, distribution, etc 2009
270 ## - ADDRESS
Address M-97,Connaught Circurs
City New Delhi
Postal code 110001
300 ## - PHYSICAL DESCRIPTION
Extent xiii,193p.
Dimensions 24cm (pbk)
500 ## - GENERAL NOTE
General note Includes index
650 ## - SUBJECT ADDED ENTRY--TOPICAL TERM
Topical term or geographic name as entry element Human
General subdivision Evolution
650 ## - SUBJECT ADDED ENTRY--TOPICAL TERM
Topical term or geographic name as entry element Primates
General subdivision Evolution
650 ## - SUBJECT ADDED ENTRY--TOPICAL TERM
Topical term or geographic name as entry element Primates
General subdivision Morophology
942 ## - ADDED ENTRY ELEMENTS (KOHA)
Source of classification or shelving scheme Dewey Decimal Classification
Item type English Books
Classification part 599.8
Call number suffix SRI
Holdings
Withdrawn status Lost status Not for loan Collection code Home library Current library Date acquired Cost, normal purchase price Full call number Barcode Copy number Cost, replacement price Koha item type Source of acquisition
      Non-fiction Central Library Central Library 02/08/2011 225.00 599.8 SRI B-423687 1 225.00 English Books Allied Publishers/CR/0002704/17.3.11/75/4.3.11/17.3.11
    Not For Loan Non-fiction D.B.Act.Division D.B.Act.Division 05/08/2010 225.00 599.8 SRI EN-81783 1 225.00 English Books  

© Delhi Public Library
Hit Counter
free hit counter